Forma palabras con el nombre - España - Estadísticas

Estadísticas generales
  • Esta prueba ha sido intentada 109 veces
    51 desde el último reinicio
  • La puntuación promedio es 12 de 22
Estadísticas de respuestas
Palabras % Correcto
E
100%
Es
82%
A
80%
As
62%
Se
62%
Peña
60%
Pasa
58%
Pesa
58%
Sepa
58%
Pase
56%
Saña
56%
Ase
53%
Seña
53%
Esa
51%
Asa
44%
Aspa
44%
Asea
38%
Sea
36%
Spa
36%
Pasea
33%
Apañe
27%
Apea
27%
No se encontraron pruebas coincidentes
Distribución de puntuación
Porcentaje de gente con cada puntuación
Porcentaje por número respondido
Historial de tus puntuaciones
No has intentado esta prueba desde el último reinicio